Vehicle Tracking System And Geo-Fencing (Record no. 233769)

MARC details
000 -LEADER
fixed length control field 00624nam a2200133Ia 4500
008 - FIXED-LENGTH DATA ELEMENTS--GENERAL INFORMATION
fixed length control field 231221s9999 xx 000 0 und d
041 ## - LANGUAGE CODE
Language code of text/sound track or separate title English
082 ## - DEWEY DECIMAL CLASSIFICATION NUMBER
Classification number CPEC16-1217
100 ## - MAIN ENTRY--PERSONAL NAME
Personal name Nitesh M Soragavi. Prateek P Kulkarni. Rajath Manjunath. Mahadevan, V.
245 #0 - TITLE STATEMENT
Title Vehicle Tracking System And Geo-Fencing
260 ## - PUBLICATION, DISTRIBUTION, ETC.
Date of publication, distribution, etc. 2016
500 ## - GENERAL NOTE
General note Vehicle Tracking System And Geo-Fencing Nitesh M Soragavi , Prateek P Kulkarni , Rajath Manjunath , Prof. V Mahadevan Telecommunication Engineering, PES Institute of Technology, Bangalore International Symposium on Microwaves , , NIMHANS, Bangalore December 2016
942 ## - ADDED ENTRY ELEMENTS (KOHA)
Koha item type Institutional repository
Holdings
Date last seen Total checkouts Full call number Accession number Price effective from Category Lost status Damaged status Department Withdrawn status Home library Current library Shelving location Entry date Grants Currency symbol Conversion rate Discount Old discount
26/01/2024   CPEC16-1217 IR1217 26/01/2024 Institutional repository     Central Library   Central Library Central Library Central Library   EC RS 1    

© For any Suggestions or Query, please contact the library staff @ librarian@pes.edu or Phone: +9180 2672 1983/ 2108.